000 00446nam a22001697a 4500
003 NUST - PNEC
005 20170116181139.0
008 151007b xxu||||| |||| 00| 0 eng d
020 _a0130156760
040 _cLIBRARY
082 _a629.89 MAL
100 _914546
_aMaloney, Timothy J
245 _aModern industrial electronics
_cTimothy J,Maloney
260 _cc 2001
650 _914547
_aIndustrial electronics
_xEE/EL
942 _2ddc
_cBK
999 _c70420
_d70420